000 00754nam a2200289Ia 4500
001 Z_5157
003 CHAP
008 220113s2000 xx 000 0 und d
010 _a168217
040 _cCHAP
090 _aFolleto 696
100 _aBonilla Cárdenas, Jorge Armando
_9133936
245 _aConsumo voluntario de forraje por vacas lecheras en pastoreo /
_cpor Jorge Armando Bonilla Cárdenas
260 _aSantiago Ixc., Nay. :
_bINIFAP. Campo Experimental El Verdineño,
_c2000
300 _a47 p.
440 _a
500 _a
503 _a
650 _aLeche
_xProducción
_965400
650 _aPastoreo
_985984
901 _aFolleto 696
902 _aA
910 _a2000
942 _cc14
942 _cc14
999 _c168217
_d168217